000 00686nas a2200253 4500
001 BR9206917
003 BR-BrBNA
005 20231205100436.0
007 ta
008 230509b bl.|||p| |||| 00| 00por d
040 _aBR-BrBNA
_bpor
_cBiblioteca Nacional de Agricultura
041 _a(Pt)
072 _aF01
100 1 _aCavalieri, I.
245 1 _aColheita de manga na entressafra
650 _aManga
650 _aPratica Cultural
650 _aColheita
650 _aEntressafra
650 _aPratico
773 0 _tManchete Rural (Brazil)
_xISSN 0102-8901
_g(Dec 1991), v. 4(57) p. 21-22
_wBR9206917
909 _a202311
_bLúcia
_c55
_dLúcia Elande
942 _2AGRIS
_n0
_cANA
999 _c156043
_d156043